00797 2200301 4500001002100000005001700021008004100038035002500079040001200104082000800116090001300124245011000137250001100247260003300258300002500291650001600316700001800332700002000350700001700370850001200387990001100399990001500410990001500425990001500440990001100455990001100466990001800477YOGYA-0209000002259820150410101544.0 ind  a0010-020900000022598 aYOPDYOG a060 a060bStr aStruktur organisasi dan dinamikanyacoleh, A.H. Maslow...[et.al.] ; editor, S.G. Huneryager, I.L. Heckman aCet. 1 aSemarangbDahara Prizec1992 a144 hlmbilusc21 cm aPerkumpulan aHeckman, I.L. aHumeryager, S.G aMaslow, A.H. aYOPDYOG a2700-P a85519-P/96 a85520-P/96 a85521-P/96 a2700-P a2701-P a15464-PD/A.06